000 00435nam a22001817a 4500
003 MPLRDC
005 20220104164537.0
008 210129b ||||| |||| 00| 0 eng d
020 _a9971-4-0396-X
082 _a805.18 ARUL
100 _aJUDITH ARUL
245 _aCOMPREHENSION EXERCISES FOR O LEVEL
_c
250 _a重印
260 _a
_bFEDERAL PUBLICATIONS
_c1986
300 _b
650 _a
942 _cBK
_o805.18 ARUL
999 _c57029
_d57019